000 00575nam a2200193Ia 4500
005 20250508164854.0
008 008 250505s9999 xx 000 0 eng d
037 _aDissertations
040 _aFEDL
_beng
_cFEDL
041 _aeng
_2eng
084 _a510.7, PRA/DI
_qFEDL
100 _aPrabhkiran Kaur
_9779387
245 0 _aElementary school teachers' mathematical beliefs and its teaching practice
260 _c2005
300 _a86p.
546 _aM. Ed. Dissertation (Delhi University)
942 _cDIS
_h510.7, PRA/DI
999 _c1391715
_d1391715